| 000 | 01844cam a2200277 4500 | ||
|---|---|---|---|
| 001 | J1546 | ||
| 008 | 090401t1992 xxu||||| |||| 00| 0 eng d | ||
| 035 | _a(Sirsi) u44145 | ||
| 041 | _aeng | ||
| 050 | _a333.70285 | ||
| 110 |
_aAssociation for Geographic Information _9166 |
||
| 245 | _aWorld of GIS: AGI 92, 24-26 November 1992, International Conference Centre, Birmingham...fourth national conference and exhibition... | ||
| 260 |
_aLondon _bAssociation for Geographic Information _c1992 |
||
| 300 | _a1v.(loose-leaf) ; 30cm. | ||
| 350 | _a0 | ||
| 520 | _aConference organised by Westrade Fairs Ltd. - Papers include : - Data integration via the gazetteer/ DYSON, J. - Postcodes as a geographic database/ SHEPHERD, J.W. - Building a financial case for GIS/ WEATHERILL, D. & KEDDIE, J. - Reaping the benefits/ IVES, M.J. - Resourcing a corporate GIS implementation/ SHORE, D.G. - Business strategy vs data management/ MULLINS, S. - GPS: GIS problems solved?/ DODSON, G.A. & BASKER, G.A. - Feasibility study for a national land use stock survey/ DUNN, R. & HARRISON, A. - An expert system for the application of GIS in mineral resources management/ ASABERE, R.K., DURUCAN, S. & OWEN, D. - Integrated data derived from within the British local government institutional framework/ JOHN, S. & LOPEZ, X. - Turning public registers into public information/ DOIG, J., ATKINSON, R. & TAYLOR, M. - Policy and the supply and availability of OS information over the next five years/ RHIND, D. - Integrating GIS and knowledge based systems for landscape management/ B | ||
| 650 | _aDIGITAL MAPPING | ||
| 650 | _aGIS | ||
| 650 |
_aLand use _96251 |
||
| 650 | _aLEEDS PERMANENT BUILDING SOCIETY | ||
| 650 | _aNATIONAL LAND INFORMATION SERVICE | ||
| 650 | _aSEA-LEVEL RISE | ||
| 690 | _aLAND SURVEYING | ||
| 942 | _n0 | ||
| 948 | _c04/03/1997 | ||
| 999 |
_c91448 _d91448 |
||